000 00799nam a2200229 a 4500
001 000018591
005 20200929165828.0
008 100511s1987 sp a 000 m spa d
020 _a8420727970
040 _aDO-SdBNP
_bspa
_cBNPHU
082 _a861.4208
_bA634g
245 1 0 _aAntología de la Generación del 27 /
_cedición, introducción, notas, comentarios y apéndice de Esperanza Ortega.
260 _aMadrid :
_bAnaya,
_b1987.
300 _a231 p. :
_bil. ;
_c19 cm.
490 1 _aBiblioteca didáctica Anaya
_v23
500 _aIncluye notas al pie de las páginas.
500 _aIncluye índice
504 _aBibliografía: (p. 230-231)
650 4 _aPoesía española
_xColecciones
_93395
650 4 _aLiteratura española
_9632
700 1 _aOrtega Martínez, Esperanza,
_d1959-
_940196
999 _c18111
_d18111